000 00595cam a2200217 a 4500
001 1408240
005 20180224030212.0
008 830920s1984 caua b 001 0 eng
010 _a 83062834
020 _a0874845610 :
_c$18.95
040 _aDLC
_cDLC
_dDLC
041 _aeng
080 _a613.07
082 0 0 _a613.07 WIN
_219
100 _a4
101 _aSHM
245 0 0 _aEvaluation of health promotion and education programs /
_cRichard A. Windsor ... [et al.].
504 _aBibliography: p. 341-360.
906 _a7
_bcbc
_corignew
_d3
_eopcn
_f19
_gy-gencatlg
942 _2ddc
_cBK
999 _c43347
_d43347